|
|
|
|
| LEADER |
00000naa a2200000uu 4500 |
| 001 |
vtls011037420 |
| 003 |
SK-MaSNL |
| 005 |
20260302124331.0 |
| 008 |
210907|1999 xo |||||||||||||||||eng| |
| 015 |
|
|
|a SNBRA
|
| 035 |
|
|
|a (urnnbn)urn:nbn:sk:snk:ar-008vbp
|
| 035 |
|
|
|a (uuid)d11b9915-9096-494c-a6ed-5bc372798914
|
| 035 |
|
|
|a urn:nbn:sk:snk-aauqz6
|
| 040 |
|
|
|a SNKBUCL
|b slo
|c SNKBUCL
|e AACR2
|
| 041 |
0 |
|
|a eng
|
| 044 |
|
|
|a xo
|c SK
|
| 100 |
1 |
|
|a Szabó, László
|4 aut
|9 6068
|
| 245 |
1 |
0 |
|a HUNGARY AND THE NATO MEMBERSHIP
|c László Szabó
|
| 773 |
0 |
|
|t The Euro-atlantic alliance under the conditions of building european security structure
|d Bratislava : Friedrich Ebert Stiftung ; Bratislava : Research center the Slovak foreign polici association ; Bratislava : Center for defence studies - the Ministry of defence of the Slovac republic, 1999
|g S. 90-101
|z 8096837230
|
| 958 |
|
|
|a OND
|
| 958 |
|
|
|a article12
|
| 958 |
|
|
|a chapter
|
| 999 |
|
|
|c 1287331
|d 1289261
|